zpět

Detail výsledku týmu

Hasičárna Na Vyhlídce, Ostrava

Datum a čas kvízu

42.5 Celkem bodů Celkový počet nahraných bodů na tomto kvízu bez doplňovacích otázek.
2. Pořadí na kvízu Konečné umístění týmu na tomto kvízu.

Zaznamenané odpovědi

# Otázka Odpověď Body Výsledky
1. Minulý týden se v Praze konal... půllitry s pivem 1
2. Minulé pondělí byly oznámeny k... Moldavsko (Moldávie) 1
3. U příležitosti narozenin jedné... Marta Kubišová 1
4. Minulý týden jsme se dozvěděli... Allwyn 1
5. Česká republika má od minulého... Linda Nosková 1
6. Wikipedii s nejvyšší pravděpod... z havajštiny 1
7. Fanoušci kvízu občas jistě se... D 1
8. Dobrým zdrojem informací jsou... Jsi chytřejší než páťák? 0
9. Mnemotechnické pomůcky se hodí... struny na kytaře (pořadí strun/tónů) 0
10. Někdy však k úspěchu v kvízu s... 1A 2D 3B 4C 0